LEADER 01015nam0-22003491i-450- 001 990003912250403321 005 20080213131234.0 010 $a88-06-11509-x 035 $a000391225 035 $aFED01000391225 035 $a(Aleph)000391225FED01 035 $a000391225 100 $a20030910d1989----km-y0itay50------ba 101 0 $aita 102 $aIT 105 $a--------001cy 200 1 $aStoria notturna$euna decifrazione del sabba$fCarlo Ginzburg 210 $aTorino$cEinaudi$dc1989 215 $axlv, 319 p., [16] c. di tav.$cill.$d21 cm 225 1 $aBiblioteca di cultura storica$v176 320 $aContiene indici dei nomi e dei luoghi 610 0 $aStregoneria$aSabba$aSec. 13-19 676 $a398.45$v21$zita 676 $a133.43$v21$zita 700 1$aGinzburg,$bCarlo$f<1939- >$0142458 801 0$aIT$bUNINA$gRICA$2UNIMARC 901 $aBK 912 $a990003912250403321 952 $a398.45 GIN 1$b1999$fBFS 959 $aBFS 996 $aStoria notturna$964197 997 $aUNINA LEADER 01059cam0-2200325---450- 001 990004627230403321 005 20151008131047.0 010 $a2-7283-0313-4 035 $a000462723 035 $aFED01000462723 035 $a(Aleph)000462723FED01 035 $a000462723 100 $a19990604d1994----km-y0itay50------ba 101 0 $afre 102 $aIT 105 $aaf------00--- 200 1 $aQuis deum?$el'expression plastique des idéologies politiques et religieuses à Rome à la fin de la République et au début du Principat$fpar Gilles Sauron 210 $aRome$cÉcole française de Rome$d1994 215 $a735 p., 72 p. di tav$cill.$d29 cm 225 1 $aBibliothèque des Écoles françaises d'Athènes et de Rome$v285 610 0 $aArchitettura romana 610 0 $aArte [e] Religione$aRoma antica 676 $a722.7$v22$zita 700 1$aSauron,$bGilles$0183893 801 0$aIT$bUNINA$gRICA$2UNIMARC 901 $aBK 912 $a990004627230403321 952 $a722.7 SAU 1$bBibl.18055$fFLFBC 959 $aFLFBC 997 $aUNINA